Úspešné položky českého vývozu: Dánsko
Prehľad tovarových položiek českého vývozu do Dánska.
Na minha lista:
| Autor principal: | |
|---|---|
| Formato: | Capítulo de Livro |
| Idioma: | tcheco |
| Assuntos: | |
| Tags: |
Sem tags, seja o primeiro a adicionar uma tag!
|
MARC
| LEADER | 00000naa a2200000 4500 | ||
|---|---|---|---|
| 001 | r047096 | ||
| 005 | 20230908091739.0 | ||
| 041 | 0 | |a cze | |
| 044 | |a CZ | ||
| 245 | 1 | 0 | |a Úspešné položky českého vývozu: Dánsko |c Miloš Straka |
| 520 | |a Prehľad tovarových položiek českého vývozu do Dánska. | ||
| 610 | 2 | 0 | |a vývoz |
| 610 | 2 | 0 | |a komodity |
| 610 | 2 | 0 | |a bilancia obchodná |
| 610 | 2 | 0 | |a Česko |
| 610 | 2 | 0 | |a Dánsko |
| 100 | 1 | |a Straka, Miloš | |